Insider trading bude opět obtížnější, zabrání mu nové evropské nařízení
Nástroje a pravidlá, ktoré majú pomôcť dodržiavať nariadenia proti zneužívaniu trhu Európskeho orgánu pre cenné papiere (ESMA) a nové európske nariadenie MAR, platné od júla 2016. Zaistenie zodpovedajúcej prevencie a dodržiavanie nových pravidiel u finančných inštitúcií.
Salvato in:
| Autore principale: | |
|---|---|
| Natura: | Capitolo di libro |
| Lingua: | ceco |
| Soggetti: | |
| Tags: |
Nessun Tag, puoi essere il primo ad aggiungerne!!
|
MARC
| LEADER | 00000naa a2200000 4500 | ||
|---|---|---|---|
| 001 | 0221653 | ||
| 005 | 20160906100650.1 | ||
| 041 | 0 | |a cze | |
| 044 | |a CZ | ||
| 245 | 1 | 0 | |a Insider trading bude opět obtížnější, zabrání mu nové evropské nařízení |c Nathan Attrell |
| 520 | |a Nástroje a pravidlá, ktoré majú pomôcť dodržiavať nariadenia proti zneužívaniu trhu Európskeho orgánu pre cenné papiere (ESMA) a nové európske nariadenie MAR, platné od júla 2016. Zaistenie zodpovedajúcej prevencie a dodržiavanie nových pravidiel u finančných inštitúcií. | ||
| 610 | 2 | 0 | |a trh finančný |
| 610 | 2 | 0 | |a inštitúcie finančné |
| 610 | 2 | 0 | |a nástroje finančné |
| 610 | 2 | 0 | |a regulácia |
| 610 | 2 | 0 | |a smernice |
| 610 | 2 | 0 | |a obchodovanie dôverné |
| 610 | 2 | 0 | |a informácie dôverné |
| 610 | 2 | 0 | |a Európska únia |
| 100 | 1 | |a Attrell, Nathan | |